00541nam a2200169Ia 4500008004100000020001800041041000800059082001800067100002300085245002700108250000600135260004400141300001400185650001800199999001900217952013500236210716s2009 xx 000 0 und d a9788120321656 aeng a005.1331 JOHB aJohnston, Barbara. aC++ programming today. a1 aNew DelhibPrentice Hall of Indiac2009 axviii,634 aC Programming c191341d191341 001040708MCAaAIMITbAIMITeBiblios Book Pointg375.00l0o005.1331 JOHBpMCA10849r2025-07-21 00:00:00v281.25w2021-07-16yBK